000 00394nam a2200145Ia 4500
008 230917s9999||||xx |||||||||||||| ||und||
040 _e127221
_aMAIN
041 _aEnglish
082 _a415 M432M
100 _aMatthews, P H
245 0 _aMorphology: An introduction to the theory of word-structure
260 _aLondon
_bCambridge University Press
_c1974
300 _a243 p.
942 _cBK
999 _c137505
_d137505